000 00625cab a2200229 4500
001 WB3306-18
008 090401t1997 xxu||||| |||| 00| 0 eng d
035 _a(Sirsi) u43856
041 _aeng
245 _aMoD estate
260 _c1997
350 _a0
490 _aTimes
_v3 February 1997, 7(1)
520 _aThe Nomura International consortium which bought the MoD housing estate is already making a profit through sales.
650 _aANNINGTON HOME
650 _aMARRIED QUARTERS ESTATE
650 _aMINISTRY OF DEFENCE
650 _aMOD ESTATE
690 _aHOUSING
942 _n0
948 _c04/03/1997
999 _c27957
_d27957